[Event "NAYCC U10"]
[Site "Toronto CAN"]
[Date "2013.08.17"]
[Round "7"]
[White "Feng, Richard"]
[Black "Zhang, Jason S"]
[Result "0-1"]
[WhiteElo "1534"]
[BlackElo "1605"]
[PlyCount "64"]
[GameId "2160767909258888"]
[EventDate "2013.08.14"]
[EventType "swiss"]
[EventRounds "9"]
[EventCountry "CAN"]
[SourceTitle "EXT 2022"]
[Source "ChessBase"]
[SourceDate "2021.10.06"]
[SourceVersion "1"]
[SourceVersionDate "2021.10.06"]
[SourceQuality "1"]

1. e4 c5 2. Nc3 Nc6 3. f4 g6 4. Nf3 Bg7 5. Bc4 e6 6. d3 Nge7 7. O-O O-O 8. Qe1 Re8 9. Qh4 d5 10. Bb3 Na5 11. Ne2 Nxb3 12. axb3 b6 13. Ng3 Bb7 14. f5 dxe4 15. dxe4 exf5 16. exf5 Bxf3 17. f6 Nd5 18. Rxf3 Bxf6 19. Qg4 Nb4 20. Bh6 Qd4+ 21. Qxd4 Bxd4+ 22. Kh1 Nxc2 23. Raf1 f6 24. Rc1 Re1+ 25. Rxe1 Nxe1 26. Rf1 Re8 27. Bd2 Nd3 28. Ra1 a5 29. Bc3 Nxb2 30. Bxd4 cxd4 31. Rf1 d3 32. Rxf6 Re1+ 0-1

[Event "NAYCC U10"]
[Site "Toronto CAN"]
[Date "2013.08.17"]
[Round "7"]
[White "Guo, Thomas"]
[Black "Hua, Eugene"]
[Result "0-1"]
[WhiteElo "1629"]
[BlackElo "1775"]
[PlyCount "40"]
[GameId "2160767909258890"]
[EventDate "2013.08.14"]
[EventType "swiss"]
[EventRounds "9"]
[EventCountry "CAN"]
[SourceTitle "hb 2013"]

1. e4 e5 2. Nf3 Nc6 3. Bc4 Bc5 4. c3 Nf6 5. d4 exd4 6. e5 Ne4 7. Bd5 Nxf2 8. Kxf2 dxc3+ 9. Ke1 cxb2 10. Bxb2 O-O 11. Qc2 Nb4 12. Qb3 d6 13. exd6 Qxd6 14. Qc3 Qg6 15. Nh4 Qg4 16. Nf3 Qxg2 17. Nh4 Re8+ 18. Kd1 Qxd5+ 19. Kc1 Qxh1+ 20. Kd2 Qe1# 0-1

[Event "NAYCC U10"]
[Site "Toronto CAN"]
[Date "2013.08.17"]
[Round "7"]
[White "Hawthorn, Charles"]
[Black "Zheng, Ethan"]
[Result "1-0"]
[WhiteElo "1862"]
[BlackElo "1237"]
[PlyCount "55"]
[GameId "2160767909258891"]
[EventDate "2013.08.14"]
[EventType "swiss"]
[EventRounds "9"]
[EventCountry "CAN"]
[SourceTitle "hb 2013"]

1. d4 d5 2. c4 e6 3. Nc3 Nf6 4. cxd5 exd5 5. Bg5 Be6 6. Nf3 Nc6 7. e3 Be7 8. Bd3 O-O 9. O-O Re8 10. a3 a5 11. Qc2 h6 12. Bh4 Bg4 13. Be2 Bxf3 14. Bxf3 Qc8 15. Bxf6 Bxf6 16. Nxd5 Qe6 17. Nxc7 Qd6 18. Nxa8 Rxa8 19. Bxc6 bxc6 20. Rac1 Rc8 21. Qf5 Qc7 22. Rc5 Rf8 23. Rfc1 Qb6 24. Qc2 Rb8 25. Rxc6 Qxb2 26. Rc8+ Rxc8 27. Qxb2 Rd8 28. g3 1-0

[Event "NAYCC U10"]
[Site "Toronto CAN"]
[Date "2013.08.17"]
[Round "7"]
[White "Huang, Qiuyu"]
[Black "Frutos, Cole N"]
[Result "1-0"]
[WhiteElo "1512"]
[BlackElo "1721"]
[PlyCount "73"]
[GameId "2160767909258892"]
[EventDate "2013.08.14"]
[EventType "swiss"]
[EventRounds "9"]
[EventCountry "CAN"]
[SourceTitle "EXT 2022"]
[Source "ChessBase"]
[SourceDate "2021.10.06"]
[SourceVersion "1"]
[SourceVersionDate "2021.10.06"]
[SourceQuality "1"]

1. e4 e5 2. Nf3 Nc6 3. Bc4 d6 4. h3 Be7 5. d3 Nf6 6. Nc3 Be6 7. Bb3 O-O 8. Ng5 Bxb3 9. axb3 Nd4 10. Nf3 Ne6 11. Be3 a5 12. Qd2 c6 13. d4 Qc7 14. g4 exd4 15. Nxd4 Nd7 16. Nf5 Ne5 17. O-O-O Rfd8 18. f4 Ng6 19. h4 Rac8 20. Nxe7+ Nxe7 21. f5 Nc5 22. g5 b5 23. h5 b4 24. Na4 Nxa4 25. bxa4 d5 26. Qf2 c5 27. f6 Nc6 28. exd5 Nb8 29. fxg7 Qb6 30. Rhf1 Rd7 31. d6 Qc6 32. g6 Qb7 33. gxh7+ Kxh7 34. Qf5+ Kg8 35. h6 Rcd8 36. h7+ Kxg7 37. Rg1+ 1-0

[Event "NAYCC U10"]
[Site "Toronto CAN"]
[Date "2013.08.17"]
[Round "7"]
[White "Hung, Justin"]
[Black "Mirabelli, Aidan"]
[Result "0-1"]
[WhiteElo "1179"]
[BlackElo "913"]
[PlyCount "80"]
[GameId "2160767909258893"]
[EventDate "2013.08.14"]
[EventType "swiss"]
[EventRounds "9"]
[EventCountry "CAN"]
[SourceTitle "hb 2013"]

1. e4 c5 2. Nf3 d6 3. d3 Nc6 4. c4 e6 5. Nc3 Nf6 6. g3 Be7 7. Bg2 O-O 8. O-O Nd7 9. Re1 h6 10. Be3 Bf6 11. d4 cxd4 12. Nxd4 Nxd4 13. Bxd4 Bxd4 14. Qxd4 Qb6 15. Qd2 Nf6 16. a4 Ng4 17. a5 Qc5 18. b3 f6 19. Bh3 Ne5 20. Bg2 Bd7 21. Re3 Bc6 22. Bh3 Rfe8 23. Kf1 Rad8 24. f4 Ng6 25. f5 exf5 26. Bxf5 Ne5 27. a6 b6 28. Nb5 Bxb5 29. cxb5 Qxb5+ 30. Kg2 g6 31. Bh3 g5 32. Bf5 Re7 33. Qa2 Kg7 34. Rd1 d5 35. exd5 Rxd5 36. Ree1 Rxd1 37. Rxd1 Nc6 38. Rd2 Nb8 39. Bd3 Qd5+ 40. Kh3 g4+ 0-1

[Event "NAYCC U10"]
[Site "Toronto CAN"]
[Date "2013.08.17"]
[Round "7"]
[White "Klement, Ido"]
[Black "Xiong, Dylan"]
[Result "0-1"]
[WhiteElo "1130"]
[BlackElo "727"]
[PlyCount "77"]
[GameId "2160767909258894"]
[EventDate "2013.08.14"]
[EventType "swiss"]
[EventRounds "9"]
[EventCountry "CAN"]
[SourceTitle "hb 2013"]

1. e4 e5 2. Nf3 Nc6 3. Nc3 Bc5 4. Bb5 Nf6 5. d3 a6 6. Bxc6 dxc6 7. Nxe5 Qd4 8. O-O Qxe5 9. Ne2 Qe7 10. Bg5 Bd7 11. d4 Bd6 12. e5 Bxe5 13. dxe5 Qxe5 14. Bxf6 Qxf6 15. Re1 O-O-O 16. Qc1 Rhe8 17. c3 Bg4 18. f3 Bf5 19. Nd4 Bd7 20. Rxe8 Rxe8 21. Qd2 c5 22. Nc2 Bb5 23. Re1 Rd8 24. Qf2 Qf5 25. Ne3 Qd7 26. Qc2 Qd2 27. Qxd2 Rxd2 28. c4 Bc6 29. Rb1 Re2 30. Nf5 g6 31. Ng3 Rc2 32. b3 Rxa2 33. b4 cxb4 34. Rxb4 a5 35. Rb1 a4 36. Ne4 a3 37. Ng5 Rb2 38. Ra1 a2 39. Nxf7 0-1

[Event "NAYCC U10"]
[Site "Toronto CAN"]
[Date "2013.08.17"]
[Round "7"]
[White "Liu, Bowser"]
[Black "Ren, Gaven"]
[Result "0-1"]
[WhiteElo "737"]
[BlackElo "716"]
[PlyCount "67"]
[GameId "2160767909258895"]
[EventDate "2013.08.14"]
[EventType "swiss"]
[EventRounds "9"]
[EventCountry "CAN"]
[SourceTitle "hb 2013"]

1. e4 c5 2. Nc3 d6 3. Bb5+ Bd7 4. Bxd7+ Qxd7 5. Nf3 Nf6 6. O-O Nc6 7. b3 g6 8. Bb2 Bg7 9. Qc1 O-O 10. Nd5 Nxd5 11. Bxg7 Kxg7 12. exd5 Nd4 13. Nxd4 cxd4 14. Qb2 Qg4 15. f3 Qh4 16. Rfe1 Rfe8 17. Re4 Qf6 18. Rxd4 e5 19. dxe6 Rxe6 20. Qc3 h5 21. Re4 Qxc3 22. dxc3 Rxe4 23. fxe4 Re8 24. Re1 f5 25. Rd1 fxe4 26. Rxd6 e3 27. Rd1 g5 28. Re1 g4 29. h3 g3 30. Kf1 Kg6 31. Ke2 Kf5 32. Kf3 b5 33. Kxg3 Ke4 34. Rd1 0-1

[Event "NAYCC U10"]
[Site "Toronto CAN"]
[Date "2013.08.17"]
[Round "7"]
[White "Liu, Daniel1"]
[Black "Wang, Andrew B"]
[Result "0-1"]
[WhiteElo "1627"]
[BlackElo "1745"]
[PlyCount "130"]
[GameId "2160767909258896"]
[EventDate "2013.08.14"]
[EventType "swiss"]
[EventRounds "9"]
[EventCountry "CAN"]
[SourceTitle "EXT 2022"]
[Source "ChessBase"]
[SourceDate "2021.10.06"]
[SourceVersion "1"]
[SourceVersionDate "2021.10.06"]
[SourceQuality "1"]

1. e4 e5 2. Nf3 Nc6 3. Bc4 Nf6 4. d3 Bc5 5. O-O d6 6. h3 h6 7. Be3 Bb6 8. Nbd2 O-O 9. c3 Re8 10. Bb3 Be6 11. Nc4 Ne7 12. Bxb6 axb6 13. Ne3 Ng6 14. Nh2 Nf4 15. Nhg4 Nxg4 16. Nxg4 Qg5 17. Qf3 h5 18. Bxe6 Rxe6 19. Ne3 Rf6 20. Nf5 g6 21. h4 Qxg2+ 22. Qxg2 Nxg2 23. Ne7+ Kg7 24. Kxg2 c6 25. Nd5 cxd5 26. exd5 Rf4 27. Kg3 Rg4+ 28. Kh3 Raa4 29. c4 Rd4 30. Rfd1 b5 31. b3 Ra5 32. f3 bxc4 33. bxc4 Ra3 34. Rab1 Rdxd3 35. Rxd3 Rxd3 36. Rxb7 Rxf3+ 37. Kg2 Rc3 38. Rc7 Rc2+ 39. Kf3 Rxa2 40. Ke3 Ra3+ 41. Kd2 e4 42. Rc6 Ra4 43. Rc7 Kf6 44. Ke3 Ke5 45. Re7+ Kf6 46. Rxe4 g5 47. hxg5+ Kxg5 48. Kd4 h4 49. Re8 h3 50. Rh8 Kg4 51. Rh7 Kg3 52. Rxf7 h2 53. Rg7+ Kf4 54. Rf7+ Kg5 55. Rh7 Ra2 56. c5 Ra4+ 57. Kc3 Rh4 58. Rg7+ Kf6 59. Rg2 h1=Q 60. Rf2+ Ke5 61. Re2+ Re4 62. Rxe4+ Qxe4 63. c6 Qxd5 64. c7 Qc5+ 65. Kd2 Qxc7 0-1

[Event "NAYCC U10"]
[Site "Toronto CAN"]
[Date "2013.08.17"]
[Round "7"]
[White "Luo, Benett"]
[Black "Rajsic, William"]
[Result "1-0"]
[WhiteElo "749"]
[BlackElo "1209"]
[PlyCount "105"]
[GameId "2160767909258897"]
[EventDate "2013.08.14"]
[EventType "swiss"]
[EventRounds "9"]
[EventCountry "CAN"]
[SourceTitle "hb 2013"]

1. e4 c5 2. d4 cxd4 3. c3 dxc3 4. Nxc3 Nc6 5. Nf3 d6 6. Be3 Bd7 7. Bc4 Qc7 8. Qd2 e6 9. Nb5 Qb8 10. Rd1 Nf6 11. Qd3 Be7 12. Bg5 O-O 13. O-O h6 14. Bxf6 Bxf6 15. Qxd6 Qxd6 16. Rxd6 Rad8 17. Rfd1 Bc8 18. Rxd8 Rxd8 19. Rxd8+ Bxd8 20. e5 a6 21. Nd6 Bd7 22. Nxb7 Bc7 23. Nd6 f6 24. Ne4 Nxe5 25. Bxa6 Nxf3+ 26. gxf3 Kf7 27. Nc5 Bc6 28. Bb7 Bb5 29. a4 Be2 30. Kg2 Ke7 31. Ba6 Bxa6 32. Nxa6 Bb6 33. b4 Kd7 34. a5 Ba7 35. b5 Kc8 36. b6 Bb8 37. Nxb8 Kxb8 38. a6 g6 39. Kf1 f5 40. Ke2 Kc8 41. Kd3 e5 42. Kc4 e4 43. fxe4 fxe4 44. Kd4 e3 45. fxe3 g5 46. e4 h5 47. e5 h4 48. e6 g4 49. e7 Kd7 50. b7 g3 51. hxg3 hxg3 52. b8=Q g2 53. e8=Q# 1-0

[Event "NAYCC U10"]
[Site "Toronto CAN"]
[Date "2013.08.17"]
[Round "7"]
[White "Luo, Jia Yu"]
[Black "Jeyakumar, Yathushan"]
[Result "1-0"]
[WhiteElo "951"]
[BlackElo "849"]
[PlyCount "96"]
[GameId "2160767909258898"]
[EventDate "2013.08.14"]
[EventType "swiss"]
[EventRounds "9"]
[EventCountry "CAN"]
[SourceTitle "hb 2013"]

1. e4 e5 2. Nf3 Nc6 3. Nc3 Nf6 4. Be2 Bb4 5. a3 Bxc3 6. dxc3 Nxe4 7. Qd5 Nf6 8. Qb3 d6 9. Ng5 O-O 10. Qc4 Be6 11. Nxe6 fxe6 12. Qxe6+ Rf7 13. Bc4 d5 14. Bd3 Qe7 15. Qh3 g6 16. Bg5 Qc5 17. O-O-O Qxf2 18. Rhf1 Qc5 19. Bxf6 Qd6 20. Qh4 Raf8 21. Bg5 Rxf1 22. Bxf1 Qc5 23. Bh6 Rf2 24. b4 Nxb4 25. axb4 Qxc3 26. Qxf2 Qa1+ 27. Kd2 Qd4+ 28. Qxd4 exd4 29. Ke2 Kf7 30. Rxd4 Ke6 31. Bf4 b5 32. Bxc7 h5 33. Kf3 a6 34. Kf4 h4 35. Kg4 Kf6 36. Rf4+ Kg7 37. Kxh4 Kh6 38. Bd8 Kg7 39. Kg5 d4 40. Bf6+ Kf7 41. Bxd4+ Ke6 42. Rf6+ Kd5 43. Ba1 Ke4 44. Bd3+ Ke3 45. Rxg6 Kf2 46. Rf6+ Kxg2 47. Bxb5 Kxh2 48. c4 Kg3 1-0

[Event "NAYCC U10"]
[Site "Toronto CAN"]
[Date "2013.08.17"]
[Round "7"]
[White "Ming, Wenyang"]
[Black "Talukdar, Rohan"]
[Result "1/2-1/2"]
[WhiteElo "1815"]
[BlackElo "1651"]
[PlyCount "83"]
[GameId "2160767909258899"]
[EventDate "2013.08.14"]
[EventType "swiss"]
[EventRounds "9"]
[EventCountry "CAN"]
[SourceTitle "EXT 2022"]
[Source "ChessBase"]
[SourceDate "2021.10.06"]
[SourceVersion "1"]
[SourceVersionDate "2021.10.06"]
[SourceQuality "1"]

1. e4 e6 2. d3 d5 3. Nd2 c5 4. g3 Nc6 5. Bg2 Nf6 6. Ngf3 Be7 7. O-O O-O 8. e5 Nd7 9. Re1 Qc7 10. Qe2 b6 11. Nf1 Bb7 12. h4 Rad8 13. Bf4 Na5 14. Ng5 h6 15. Qh5 Nc6 16. Nf3 d4 17. N1h2 Nb4 18. Ng4 Rfe8 19. Bxh6 g6 20. Nf6+ Bxf6 21. Qg4 Bxf3 22. Qxf3 Bxe5 23. h5 Nxc2 24. hxg6 fxg6 25. Qg4 Kf7 26. Be4 Rg8 27. f4 Nf6 28. Qh3 Nxe4 29. Rxe4 Nxa1 30. fxe5 Qe7 31. Qf1+ Ke8 32. Qd1 Rh8 33. Qc1 Kd7 34. Bg5 Qe8 35. Bf6 Rh7 36. Rg4 Qf7 37. Qf4 Ke8 38. Qe4 Rh6 39. Bg5 Rh7 40. Rf4 Qg8 41. Rf6 Kd7 42. Kg2 1/2-1/2

[Event "NAYCC U10"]
[Site "Toronto CAN"]
[Date "2013.08.17"]
[Round "7"]
[White "Mocanu, Alexander"]
[Black "Zhang, Henry"]
[Result "0-1"]
[WhiteElo "1414"]
[BlackElo "884"]
[PlyCount "94"]
[GameId "2160767909258900"]
[EventDate "2013.08.14"]
[EventType "swiss"]
[EventRounds "9"]
[EventCountry "CAN"]
[SourceTitle "hb 2013"]

1. e4 c5 2. Nf3 d6 3. d4 cxd4 4. Nxd4 Nf6 5. Nc3 a6 6. a3 g6 7. Bd3 Bg7 8. O-O Qb6 9. Nf3 Nbd7 10. b4 Qc6 11. Bd2 Ng8 12. Qe1 Ngf6 13. e5 dxe5 14. Nxe5 Nxe5 15. Qxe5 Be6 16. Rad1 Rc8 17. Ne2 O-O 18. Ng3 Bd5 19. f3 Ne4 20. Qf4 e5 21. Qe3 Nxg3 22. hxg3 f5 23. f4 exf4 24. gxf4 Bxg2 25. Rfe1 Rce8 26. Qf2 Be4 27. Bxe4 fxe4 28. Rc1 Bb2 29. Rcd1 Bxa3 30. c3 a5 31. Rb1 axb4 32. cxb4 Qf6 33. Be3 Ra8 34. Rb3 h5 35. Bd4 Qxf4 36. Qxf4 Rxf4 37. Ra1 Rf3 38. Rxf3 exf3 39. Bc3 Ra6 40. Kf2 Bxb4 41. Bxb4 Rxa1 42. Kxf3 b5 43. Bd2 Ra8 44. Ke4 Kh7 45. Kd4 Rd8+ 46. Kc3 Rxd2 47. Kxd2 h4 0-1

[Event "NAYCC U10"]
[Site "Toronto CAN"]
[Date "2013.08.17"]
[Round "7"]
[White "Moreno Vasquez, Esteban"]
[Black "Zheng, Victor"]
[Result "1/2-1/2"]
[WhiteElo "1717"]
[BlackElo "1016"]
[PlyCount "78"]
[GameId "2160767909258901"]
[EventDate "2013.08.14"]
[EventType "swiss"]
[EventRounds "9"]
[EventCountry "CAN"]
[SourceTitle "hb 2013"]

1. c4 e5 2. Nc3 Nc6 3. Nf3 g6 4. g3 Bg7 5. Bg2 Nf6 6. O-O O-O 7. d3 d6 8. Rb1 a5 9. Bd2 Bd7 10. a3 Qc8 11. Re1 Bh3 12. Bh1 Re8 13. b4 axb4 14. axb4 Nb8 15. c5 d5 16. Ng5 c6 17. Nxh3 Qxh3 18. Bg2 Qh5 19. e3 Qxd1 20. Rexd1 Nbd7 21. b5 Nxc5 22. d4 exd4 23. exd4 Ne6 24. Be3 Ng4 25. bxc6 bxc6 26. Rb6 Nxe3 27. fxe3 Nd8 28. e4 Ra3 29. Nb1 Ra5 30. exd5 cxd5 31. Rd6 Ne6 32. Bxd5 Nxd4 33. Bc6 Nxc6 34. Rxc6 Rae5 35. Rcd6 Re1+ 36. Kg2 R8e2+ 37. Kh3 Re6 38. R6d3 R6e3 39. Rxe3 Rxe3 1/2-1/2

[Event "NAYCC U10"]
[Site "Toronto CAN"]
[Date "2013.08.17"]
[Round "7"]
[White "Niemann, Hans Moke"]
[Black "Noritsyn, Sergey"]
[Result "0-1"]
[WhiteElo "1835"]
[BlackElo "2006"]
[PlyCount "82"]
[GameId "2160767909258902"]
[EventDate "2013.08.14"]
[EventType "swiss"]
[EventRounds "9"]
[EventCountry "CAN"]
[SourceTitle "EXT 2022"]
[Source "ChessBase"]
[SourceDate "2021.10.06"]
[SourceVersion "1"]
[SourceVersionDate "2021.10.06"]
[SourceQuality "1"]

1. e4 d5 2. exd5 Nf6 3. Nc3 Nxd5 4. g3 b6 5. Bg2 Bb7 6. Nxd5 Bxd5 7. Nf3 e6 8. O-O Be7 9. d3 O-O 10. Be3 c5 11. d4 Qc7 12. Bf4 Qb7 13. dxc5 bxc5 14. b3 Rd8 15. Qe2 Nc6 16. Rfe1 Bf6 17. Rad1 Nd4 18. Nxd4 Bxg2 19. f3 Bh3 20. Nb5 a6 21. Nd6 Qb4 22. g4 Qxf4 23. Qe4 Qxe4 24. Nxe4 Bd4+ 25. Kh1 f5 26. Ng5 fxg4 27. Nxh3 gxh3 28. Rxe6 Rf8 29. Rf1 Rf5 30. f4 Raf8 31. Re4 g5 32. b4 Rxf4 33. Rexf4 Rxf4 34. Re1 cxb4 35. Rb1 Kf7 36. c3 bxc3 37. a4 c2 38. Re1 Be3 39. a5 c1=Q 40. Rxc1 Bxc1 41. Kg1 Be3+ 0-1

[Event "NAYCC U10"]
[Site "Toronto CAN"]
[Date "2013.08.17"]
[Round "7"]
[White "Pan, David"]
[Black "Levkov, Daniel"]
[Result "1-0"]
[WhiteElo "1663"]
[BlackElo "1867"]
[PlyCount "113"]
[GameId "2160767909258903"]
[EventDate "2013.08.14"]
[EventType "swiss"]
[EventRounds "9"]
[EventCountry "CAN"]
[SourceTitle "hb 2013"]

1. e4 c5 2. d4 cxd4 3. c3 dxc3 4. Nxc3 d6 5. Nf3 e6 6. Be2 a6 7. O-O b5 8. Be3 Nc6 9. Rc1 Bb7 10. a3 Be7 11. Nxb5 Nf6 12. Nc3 O-O 13. Qc2 Rc8 14. Rfd1 Na5 15. e5 Nd5 16. exd6 Bxd6 17. Ng5 g6 18. Qd3 Be7 19. Nge4 Nxc3 20. Rxc3 Qxd3 21. Bxd3 Bxe4 22. Rxc8 Rxc8 23. Bxe4 Rb8 24. Bd4 Rd8 25. Bf3 Nc4 26. Bc3 Rb8 27. Rd7 Bf8 28. Rb7 Rc8 29. Ra7 Nxa3 30. Rxa6 Nb5 31. Rc6 Ra8 32. g3 Ra1+ 33. Kg2 Rc1 34. Bd2 Rb1 35. Rc8 Kg7 36. Rb8 Nc7 37. Bc3+ f6 38. Rd8 Nd5 39. Bxd5 exd5 40. Rxd5 Be7 41. Rd7 Kf8 42. Kf3 Ke8 43. Ra7 Rc1 44. Ke2 Rc2+ 45. Kf3 Bc5 46. Rxh7 f5 47. Kf4 Be7 48. f3 Rf2 49. Bd4 Rf1 50. Rg7 g5+ 51. Kxf5 Rxf3+ 52. Ke6 Bf8 53. Rc7 Kd8 54. Bb6 Rb3 55. Rc6+ Rxb6 56. Rxb6 Kc7 57. Rb5 1-0

[Event "NAYCC U10"]
[Site "Toronto CAN"]
[Date "2013.08.17"]
[Round "7"]
[White "Ruan, Colin"]
[Black "He, Oliver"]
[Result "1-0"]
[WhiteElo "1186"]
[BlackElo "799"]
[PlyCount "79"]
[GameId "2160767909258905"]
[EventDate "2013.08.14"]
[EventType "swiss"]
[EventRounds "9"]
[EventCountry "CAN"]
[SourceTitle "hb 2013"]

1. e4 e5 2. Nf3 Nc6 3. d4 exd4 4. Nxd4 Nf6 5. Nc3 Bb4 6. Bg5 O-O 7. Be2 Bc5 8. Nxc6 dxc6 9. Qxd8 Rxd8 10. e5 h6 11. Bh4 g5 12. Bg3 Nd5 13. Nxd5 cxd5 14. O-O-O Be6 15. h4 gxh4 16. Rxh4 Kh7 17. Bd3+ Kg7 18. Rdh1 Rh8 19. f4 Be7 20. Rh5 Bg4 21. R5h2 c5 22. b3 Rab8 23. f5 Bg5+ 24. Kb2 f6 25. e6 b5 26. Bxb8 Rxb8 27. Kc3 b4+ 28. Kb2 Bf4 29. Rh4 Be5+ 30. Kb1 h5 31. Rf1 Bg3 32. Rhh1 h4 33. Kb2 Be5+ 34. Kb1 Bg3 35. a3 bxa3 36. Ka2 Bd6 37. Rxh4 Kf8 38. Rxg4 c4 39. Rh1 Ke7 40. Rg7+ 1-0

[Event "NAYCC U10"]
[Site "Toronto CAN"]
[Date "2013.08.17"]
[Round "7"]
[White "Sivapathasundaram, Manojh"]
[Black "Landa, Tamir"]
[Result "1-0"]
[WhiteElo "1253"]
[BlackElo "833"]
[PlyCount "112"]
[GameId "2160767909258906"]
[EventDate "2013.08.14"]
[EventType "swiss"]
[EventRounds "9"]
[EventCountry "CAN"]
[SourceTitle "hb 2013"]

1. e4 c5 2. Nf3 Nc6 3. d4 cxd4 4. Nxd4 g6 5. Nc3 Bg7 6. Nxc6 bxc6 7. Bd2 d6 8. Bc4 Nf6 9. O-O O-O 10. Bb3 Ba6 11. Re1 Re8 12. Bg5 Qc7 13. h3 Rab8 14. Qd2 Nd7 15. Bh6 Ne5 16. Bxg7 Kxg7 17. f4 Nc4 18. Qd4+ e5 19. fxe5 Nxe5 20. Rad1 Rbd8 21. Qe3 c5 22. Nd5 Qb7 23. Qf2 Kg8 24. Nf6+ Kg7 25. Nxe8+ Rxe8 26. Rxd6 c4 27. Qf6+ Kg8 28. Ba4 Bb5 29. Bxb5 Qxb5 30. Rd8 Qc5+ 31. Kh1 Rxd8 32. Qxd8+ Qf8 33. Qxf8+ Kxf8 34. Kg1 Ke7 35. Kf2 Kd6 36. Ke3 Kc5 37. Rd1 f6 38. Rd5+ Kb4 39. a3+ Ka4 40. Rd6 a5 41. Rxf6 c3 42. bxc3 Nc4+ 43. Kd4 Nxa3 44. Rf4 Nxc2+ 45. Kd3 Ne1+ 46. Kd2 Nxg2 47. Rg4 Kb5 48. Rxg2 h5 49. Kd3 Kc6 50. Kd4 Kd6 51. e5+ Ke6 52. c4 a4 53. c5 a3 54. c6 a2 55. Rxa2 h4 56. Ra6 Ke7 1-0

[Event "NAYCC U10"]
[Site "Toronto CAN"]
[Date "2013.08.17"]
[Round "7"]
[White "Surya, Benito"]
[Black "Lin, Benjamin1"]
[Result "1/2-1/2"]
[WhiteElo "1619"]
[BlackElo "1500"]
[PlyCount "76"]
[GameId "2160767909258907"]
[EventDate "2013.08.14"]
[EventType "swiss"]
[EventRounds "9"]
[EventCountry "CAN"]
[SourceTitle "EXT 2022"]
[Source "ChessBase"]
[SourceDate "2021.10.06"]
[SourceVersion "1"]
[SourceVersionDate "2021.10.06"]
[SourceQuality "1"]

1. e4 c5 2. c3 e6 3. d4 d5 4. exd5 exd5 5. Nf3 Nf6 6. Be2 Be7 7. O-O O-O 8. Be3 cxd4 9. cxd4 Nc6 10. Nc3 Bf5 11. Bd3 Ne4 12. Qb3 Nb4 13. Bxe4 Bxe4 14. Nxe4 dxe4 15. Nd2 Qd5 16. Qxd5 Nxd5 17. Nxe4 Nxe3 18. fxe3 Rac8 19. Rac1 g6 20. Rxc8 Rxc8 21. Nc3 Bg5 22. Re1 Be7 23. Kf2 Bb4 24. Rc1 a5 25. a3 Bd6 26. g3 Kg7 27. Kf3 f5 28. h3 h5 29. g4 fxg4+ 30. hxg4 Rf8+ 31. Ke2 hxg4 32. Rg1 g3 33. Ne4 Bb8 34. Nxg3 Rh8 35. Kf2 Rc8 36. Kf3 Rf8+ 37. Ke2 Rh8 38. Kf3 Rf8+ 1/2-1/2

[Event "NAYCC U10"]
[Site "Toronto CAN"]
[Date "2013.08.17"]
[Round "7"]
[White "Wong, Anthony G"]
[Black "Yong, Nathaniel"]
[Result "1-0"]
[WhiteElo "1482"]
[BlackElo "1014"]
[PlyCount "93"]
[GameId "2160767909258908"]
[EventDate "2013.08.14"]
[EventType "swiss"]
[EventRounds "9"]
[EventCountry "CAN"]
[SourceTitle "EXT 2022"]
[Source "ChessBase"]
[SourceDate "2021.10.06"]
[SourceVersion "1"]
[SourceVersionDate "2021.10.06"]
[SourceQuality "1"]

1. c4 e5 2. Nc3 Nc6 3. g3 g6 4. Bg2 Bg7 5. Nf3 Nge7 6. O-O O-O 7. d3 d6 8. Be3 Bg4 9. h3 Be6 10. Qc1 Qd7 11. Kh2 Nf5 12. Bd2 Ncd4 13. Ng5 f6 14. Nxe6 Nxe6 15. Bxb7 Rab8 16. Bg2 Ned4 17. e3 Nc6 18. Nd5 Nce7 19. b4 Nxd5 20. Bxd5+ Kh8 21. b5 Ne7 22. Bg2 f5 23. Bc3 Rfd8 24. Rd1 d5 25. Qa3 c6 26. bxc6 Qxc6 27. Qxe7 Bf8 28. Bxe5+ Kg8 29. Qf6 Qxf6 30. Bxf6 Rd6 31. Bxd5+ Rxd5 32. cxd5 Rb6 33. Bd4 Rd6 34. Bc5 Rxd5 35. Bxf8 Kxf8 36. e4 fxe4 37. dxe4 Re5 38. Rd8+ Ke7 39. Rh8 h5 40. Rh7+ Kf6 41. Rxa7 Rxe4 42. Ra6+ Kg5 43. h4+ Rxh4+ 44. gxh4+ Kxh4 45. f3 Kg5 46. Rg1+ Kh4 47. Ra4# 1-0

[Event "NAYCC U10"]
[Site "Toronto CAN"]
[Date "2013.08.17"]
[Round "7"]
[White "Yaskolko, Maxim"]
[Black "Baradaran, Arman"]
[Result "1/2-1/2"]
[WhiteElo "1741"]
[BlackElo "1832"]
[PlyCount "92"]
[GameId "2160767909258909"]
[EventDate "2013.08.14"]
[EventType "swiss"]
[EventRounds "9"]
[EventCountry "CAN"]
[SourceTitle "hb 2013"]

1. e4 d5 2. exd5 Qxd5 3. Nc3 Qd6 4. d4 Nf6 5. h3 Bf5 6. Nf3 c6 7. Be2 e6 8. Be3 Nbd7 9. Qd2 Qc7 10. a3 Bd6 11. b4 a6 12. O-O O-O 13. Rfd1 Rac8 14. Rac1 Nb6 15. Bd3 Bxd3 16. Qxd3 Nbd5 17. Nxd5 cxd5 18. c3 Qc4 19. Qxc4 Rxc4 20. Nd2 Rc6 21. c4 dxc4 22. Nxc4 Nd5 23. Nxd6 Rxd6 24. Kf1 f5 25. Bd2 Kf7 26. a4 Rb6 27. Rc4 Ke7 28. Rdc1 Kd7 29. Ke2 Rc6 30. Rxc6 bxc6 31. Kd3 Rb8 32. Rb1 Kd6 33. f4 Nb6 34. a5 Nd5 35. Kc4 Nf6 36. Bc3 h5 37. Re1 Rh8 38. Re2 Rh6 39. Be1 Rg6 40. Bh4 Nd5 41. g3 Nf6 42. Kd3 Kd5 43. Re5+ Kd6 44. Re2 Nd5 45. Kc4 Nf6 46. Kd3 Kd5 1/2-1/2

[Event "NAYCC U10"]
[Site "Toronto CAN"]
[Date "2013.08.17"]
[Round "7"]
[White "Yu, Ryan"]
[Black "Ju, Lawrence"]
[Result "0-1"]
[WhiteElo "802"]
[BlackElo "1420"]
[PlyCount "72"]
[GameId "2160767909258910"]
[EventDate "2013.08.14"]
[EventType "swiss"]
[EventRounds "9"]
[EventCountry "CAN"]
[SourceTitle "hb 2013"]

1. e4 c5 2. Nf3 Nc6 3. Bc4 g6 4. Ng5 e6 5. O-O Qxg5 6. d4 Qd8 7. d5 Ne5 8. Bb3 c4 9. Bf4 cxb3 10. Bxe5 bxc2 11. Qxc2 Nf6 12. Nc3 d6 13. Bxf6 Qxf6 14. Nb5 Rb8 15. Nxa7 Bd7 16. Qc7 Rd8 17. dxe6 fxe6 18. Rfe1 Qxb2 19. Rad1 Qxa2 20. Qxb7 Be7 21. e5 d5 22. Ra1 Qc4 23. Rec1 Qd4 24. Nc6 Bxc6 25. Qxc6+ Kf7 26. Ra4 Qxe5 27. f4 Qe3+ 28. Kf1 Rc8 29. Qxc8 Rxc8 30. Rxc8 Bc5 31. Ra2 Qc1+ 32. Ke2 Qc4+ 33. Kd1 Qxa2 34. Rxc5 Qa4+ 35. Ke2 Qe4+ 36. Kf1 Qd3+ 0-1

[Event "NAYCC U10"]
[Site "Toronto CAN"]
[Date "2013.08.17"]
[Round "7"]
[White "Zeng, Leo"]
[Black "Yang, Kai Wen"]
[Result "0-1"]
[WhiteElo "1002"]
[BlackElo "863"]
[PlyCount "90"]
[GameId "2160767909258911"]
[EventDate "2013.08.14"]
[EventType "swiss"]
[EventRounds "9"]
[EventCountry "CAN"]
[SourceTitle "hb 2013"]

1. e4 c5 2. Nf3 Nc6 3. g3 g6 4. Bg2 Bg7 5. Nc3 e6 6. O-O Nge7 7. d3 d5 8. Bg5 d4 9. Ne2 O-O 10. c3 e5 11. cxd4 cxd4 12. a3 Bg4 13. Nc1 Qb6 14. b4 a5 15. Nb3 axb4 16. axb4 Rxa1 17. Qxa1 Qxb4 18. Nfd2 Be2 19. Re1 Bxd3 20. Bxe7 Nxe7 21. Bf1 Bxf1 22. Rxf1 Bh6 23. Qa2 Bxd2 24. Nxd2 b5 25. Nf3 Nc6 26. Qd2 Qxd2 27. Nxd2 b4 28. Rc1 Na5 29. Rc5 Ra8 30. Rxe5 d3 31. Rb5 b3 32. Nxb3 Nxb3 33. Rxb3 d2 34. Rd3 Ra1+ 35. Kg2 d1=Q 36. Rxd1 Rxd1 37. h4 Re1 38. f3 Re2+ 39. Kh3 f5 40. exf5 gxf5 41. g4 fxg4+ 42. fxg4 Re3+ 43. Kg2 Kf7 44. Kf2 Ra3 45. g5 Kg6 0-1